[Event "CZE-chT2E 1516"]
[Site "Czech Republic"]
[Date "2016.02.07"]
[Round "7.4"]
[White "Markovic, Ivan1111"]
[Black "Zvonicek, Vaclav"]
[Result "1-0"]
[WhiteElo "2124"]
[BlackElo "1790"]
[PlyCount "69"]
[EventDate "2015.10.18"]
[EventType "team-tourn"]
[EventRounds "11"]
[EventCountry "CZE"]
[SourceTitle "EXT 2022"]
[Source "ChessBase"]
[SourceDate "2021.10.06"]
[SourceVersion "1"]
[SourceVersionDate "2021.10.06"]
[SourceQuality "1"]
[WhiteTeam "Kurim"]
[BlackTeam "Prostejov"]
[WhiteTeamCountry "CZE"]
[BlackTeamCountry "CZE"]

1. e4 d6 2. d4 Nf6 3. Nc3 g6 4. f4 Bg7 5. Nf3 c6 6. Be2 Qc7 7. 0-0 0-0 8. Qe1 Bg4 9. h3 Bxf3 10. Bxf3 e5 11. dxe5 dxe5 12. f5 Nbd7 13. g4 Ne8 14. Be3 h6 15. Kg2 g5 16. h4 f6 17. Be2 Nd6 18. Rd1 Rfd8 19. hxg5 hxg5 20. Rh1 b5 21. Bd3 Kf7 22. Qf2 a6 23. Rh5 Rh8 24. Rdh1 Rxh5 25. gxh5 Rh8 26. Qe2 Ke8 27. Nd1 Nf7 28. Nf2 Qd6 29. Rd1 Qe7 30. a4 Nd6 31. axb5 axb5 32. Ra1 Qf7 33. Qd2 Qe7 34. Ra7 Nc8 35. Rc7 1-0

[Event "CZE-chT2E 1516"]
[Site "Czech Republic"]
[Date "2016.01.24"]
[Round "6.5"]
[White "Seidl, Antonin"]
[Black "Zvonicek, Vaclav"]
[Result "1-0"]
[WhiteElo "2085"]
[BlackElo "1790"]
[PlyCount "127"]
[EventDate "2015.10.18"]
[EventType "team-tourn"]
[EventRounds "11"]
[EventCountry "CZE"]
[SourceTitle "EXT 2022"]
[Source "ChessBase"]
[SourceDate "2021.10.06"]
[SourceVersion "1"]
[SourceVersionDate "2021.10.06"]
[SourceQuality "1"]
[WhiteTeam "Jihlava Silko Gambit"]
[BlackTeam "Prostejov"]
[WhiteTeamCountry "CZE"]
[BlackTeamCountry "CZE"]

1. e4 d6 2. d4 Nf6 3. Nc3 c6 4. Nf3 g6 5. Be2 Bg7 6. 0-0 0-0 7. Bg5 Qc7 8. Qd2 Nbd7 9. Bh6 b5 10. Bxg7 Kxg7 11. a3 a6 12. Rfd1 Bb7 13. Qf4 e5 14. Qh4 Rae8 15. dxe5 dxe5 16. Nd2 Nc5 17. Bg4 Ne6 18. Bxe6 Rxe6 19. f3 Qb6+ 20. Qf2 Qxf2+ 21. Kxf2 Rd8 22. Nb3 Red6 23. Rxd6 Rxd6 24. Ke3 Nd7 25. Na5 Ba8 26. b4 Nb6 27. Rd1 Rxd1 28. Nxd1 Na4 29. Nf2 f5 30. g3 Kf6 31. exf5 gxf5 32. Nd3 Ke6 33. Nb3 Nb6 34. Ndc5+ Kd6 35. Na5 Nd5+ 36. Kd3 Nc7 37. h3 Ke7 38. g4 Kf6 39. Nd7+ Ke6 40. Nf8+ Kf7 41. Nxh7 fxg4 42. fxg4 Kg6 43. Nf8+ Kg5 44. Ke4 c5+ 45. Kxe5 cxb4 46. axb4 Bg2 47. Kd6 Nd5 48. Nc6 Nf4 49. Nb8 Nxh3 50. Nxa6 Kxg4 51. Nc7 Be4 52. c3 Bd3 53. Nd7 Kf5 54. Ne5 Bf1 55. Nf3 Ke4 56. Nd2+ Kd3 57. Nxf1 Kxc3 58. Kc5 Nf4 59. Nxb5+ Kb3 60. Nd4+ Ka4 61. b5 Nd3+ 62. Kb6 Kb4 63. Ne3 Ne5 64. Nc6+ 1-0